XCOM 2 Logic Quiz Stats

 Plays Quiz not verified by Sporcle

Score 0/25 Timer 20:00
0 Plays Today
% Correct



Dr. Tygan



???
100%



C.O. Bradford



???
70.6%



Chief Shen



???
70.1%



Sectopod



???
64.4%



MEC



???
61.9%



Psi Operative



???
48.8%



Muton



???
40.1%



Viper



???
39.9%



Sectoid



???
39.3%



Chryssalid



???
38.7%



Trooper



???
34.1%



Gatekeeper



???
33.3%



Ranger



???
32.8%
% Correct



Berserker



???
32.6%



Grenadier



???
31.2%



Archon



???
29.8%



Specialist



???
28.8%



Faceless



???
23.6%



Avatar



???
22.8%



Sharpshooter



???
21.7%



Codex



???
21.5%



Shieldbearer



???
19.6%



Stun Lancer



???
19%



Officer



???
12.8%



Andromedon



???
10.1%

You're not logged in!

Compare scores with friends on all Sporcle quizzes.
Join for Free
OR
Log In

You Might Also Like...

Show Comments

Extras

Top Quizzes Today


Score Distribution

Your Account Isn't Verified!

In order to create a playlist on Sporcle, you need to verify the email address you used during registration. Go to your Sporcle Settings to finish the process.

Report this User

Report this user for behavior that violates our Community Guidelines.

Details: